000
00281nam a2200133Ia 4500
100
_a
Bainbridge/C.G
942
_c
BK
654
_a
Welding
245
_a
Teach Yourself Welding
260
_b
St.Pauls House
_a
London
_c
1973
082
_a
671.52
300
_a
180
546
_a
ENGLISH
999
_c
34362
_d
34362